000 00664nam a2200169 i 4500
001 24944
003 ES-MaACL
005 20230906153151.0
007 t|
008 021219m19121918sp ||||1| spa d
245 0 0 _aNuevos apuntes para el estudio y organización en España de las instituciones de Beneficiencia y de Previsión
_b: trabajos de la Dirección General de Administración.
260 _aMadrid :
_b[s.n.,
_c1912-1918] (
_fSucs. de Rivadeneyra)
300 _a1 v. ;
_c34 cm.
500 _aPrecede a tít.: Apéndices de la Gaceta. Ministerio de la Gobernación.
710 1 _aEspaña.
_bMinisterio de Gobernación.
_93872
852 _aES-MaACL
_jG-3283
999 _c24944
_d24944